<?xml version="1.0" encoding="UTF-8"?>
<collection xmlns="http://www.loc.gov/MARC21/slim">
    <record>
        <controlfield tag="001">65591</controlfield>
        <controlfield tag="005">20180918143243.0</controlfield>
        <datafield tag="024" ind1="8" ind2=" ">
            <subfield code="2">sideral</subfield>
            <subfield code="a">95162</subfield>
        </datafield>
        <datafield tag="037" ind1=" " ind2=" ">
            <subfield code="a">ART-2013-95162</subfield>
        </datafield>
        <datafield tag="041" ind1=" " ind2=" ">
            <subfield code="a">spa</subfield>
        </datafield>
        <datafield tag="100" ind1=" " ind2=" ">
            <subfield code="0">(orcid)0000-0002-8235-9580</subfield>
            <subfield code="a">Mateo Lazaro, Jesus</subfield>
        </datafield>
        <datafield tag="245" ind1=" " ind2=" ">
            <subfield code="a">Análisis de frecuencia y clasificación de eventos hidrometeorológicos reales en tres cuencas del NE de España</subfield>
        </datafield>
        <datafield tag="260" ind1=" " ind2=" ">
            <subfield code="c">2013</subfield>
        </datafield>
        <datafield tag="506" ind1="0" ind2=" ">
            <subfield code="a">Access copy available to the general public</subfield>
            <subfield code="f">Unrestricted</subfield>
        </datafield>
        <datafield tag="520" ind1="3" ind2=" ">
            <subfield code="a">A rainfall and flow frequency analysis has been performed in three basins in the northeast of Spain, those are the Bergantes, Esca and Sotón. Various methods grouped into two categories are used, (1) the gauged
method which consist in the analysis of maximum flow rate annual series, and (2) the hydrometeorological method which take into account processes with rainfall-runoff transformation models. The results are compared with observed data in historical series. Finally, nine episodes with actual rainfall and flow record are analyzed. This episodes are also claissified in their frequency domain and results obtained from models used have been contrasted.   

Se realiza un análisis de frecuencia de precipitaciones y de caudales en tres cuencas del NE de España, Bergantes, Esca y Sotón. Se utilizan varios métodos agrupados en dos categorías, (1) foronómicos que consiste en el análisis de series anuales de máximo caudal instantáneo e (2) hidrometeorológicos donde se modeliza el proceso de transformación lluvia-escorrentía. Los resultados se comparan con los propios datos de las series históricas. Finalmente se analizan nueve episodios con registro real de lluvia y de caudal, se clasifican en el dominio de la frecuencia y se realiza un contraste de los resultados obtenidos con los diferentes modelos.</subfield>
        </datafield>
        <datafield tag="540" ind1=" " ind2=" ">
            <subfield code="9">info:eu-repo/semantics/openAccess</subfield>
            <subfield code="a">by</subfield>
            <subfield code="u">http://creativecommons.org/licenses/by/3.0/es/</subfield>
        </datafield>
        <datafield tag="655" ind1=" " ind2="4">
            <subfield code="a">info:eu-repo/semantics/article</subfield>
            <subfield code="v">info:eu-repo/semantics/publishedVersion</subfield>
        </datafield>
        <datafield tag="700" ind1=" " ind2=" ">
            <subfield code="0">(orcid)0000-0001-8286-4088</subfield>
            <subfield code="a">Sánchez Navarro, José Ángel</subfield>
            <subfield code="u">Universidad de Zaragoza</subfield>
        </datafield>
        <datafield tag="700" ind1=" " ind2=" ">
            <subfield code="0">(orcid)0000-0001-5835-6390</subfield>
            <subfield code="a">García Gil, Alejandro</subfield>
        </datafield>
        <datafield tag="700" ind1=" " ind2=" ">
            <subfield code="a">Edo Romero, Vanesa</subfield>
        </datafield>
        <datafield tag="710" ind1="2" ind2=" ">
            <subfield code="1">2000</subfield>
            <subfield code="2">427</subfield>
            <subfield code="a">Universidad de Zaragoza</subfield>
            <subfield code="b">Dpto. Ciencias de la Tierra</subfield>
            <subfield code="c">Área Geodinámica Externa</subfield>
        </datafield>
        <datafield tag="773" ind1=" " ind2=" ">
            <subfield code="g">53 (2013), 117-120</subfield>
            <subfield code="p">Geogaceta</subfield>
            <subfield code="t">Geogaceta</subfield>
            <subfield code="x">0213-683X</subfield>
        </datafield>
        <datafield tag="856" ind1="4" ind2=" ">
            <subfield code="s">212852</subfield>
            <subfield code="u">http://zaguan.unizar.es/record/65591/files/texto_completo.pdf</subfield>
            <subfield code="y">Versión publicada</subfield>
        </datafield>
        <datafield tag="856" ind1="4" ind2=" ">
            <subfield code="s">9095</subfield>
            <subfield code="u">http://zaguan.unizar.es/record/65591/files/texto_completo.jpg?subformat=icon</subfield>
            <subfield code="x">icon</subfield>
            <subfield code="y">Versión publicada</subfield>
        </datafield>
        <datafield tag="909" ind1="C" ind2="O">
            <subfield code="o">oai:zaguan.unizar.es:65591</subfield>
            <subfield code="p">articulos</subfield>
            <subfield code="p">driver</subfield>
        </datafield>
        <datafield tag="951" ind1=" " ind2=" ">
            <subfield code="a">2018-09-18-14:14:53</subfield>
        </datafield>
        <datafield tag="980" ind1=" " ind2=" ">
            <subfield code="a">ARTICLE</subfield>
        </datafield>
    </record>

    
</collection>